000
00186 a2200097 4500
020
_a
9781740214124
041
_a
eng
100
_a
Parish, Steve
245
_a
Tasmanian Devil
942
_c
BK
999
_c
31970
_d
31968